| 000 | nam a22 a 4500 | ||
|---|---|---|---|
| 999 |
_c436723 _d436723 |
||
| 003 | BLK | ||
| 005 | 20221208031134.0 | ||
| 008 | 180412b bul|||||r ||||||| ||bul|| | ||
| 040 | _aBLK | ||
| 041 |
_aBUL _cBUL |
||
| 080 |
_aВъзпитание на душевно болни. Аутизъм(пед. аспекти) - Недоразвити, умствено изостанали, идиоти, психопати и др. _b376.4 _x(075.2) _z376.4(075.2) |
||
| 100 |
_aЦонева, Венета Маринова _eпърви автор _9348092 |
||
| 139 | _aЦонева, Венета М.и др. | ||
| 245 | 1 | 0 |
_aБотаника _bУчебник за V кл. на помощните у-ща _cВенета М. Цонева, Тинка Хаджийска, Райна Буновска |
| 257 | _aBGR | ||
| 260 |
_bНар. просвета _c1958 _9443233 _aСофия |
||
| 300 |
_a96 с. _bс ил. _c24 см |
||
| 380 | _a3 | ||
| 650 | 4 |
_aБотаника - учебници за помощни училища _9248214 |
|
| 653 | _aботаника | ||
| 653 | _aV кл. | ||
| 700 |
_aХаджийска, Тинка Владимирова _eсъавт. _9315900 |
||
| 700 |
_aБуновска, Райна Сп. _eсъавт. _91445 |
||
| 852 |
_aЦб 11601 _bО |
||
| 942 |
_cKNG _n0 _s1 |
||
| 944 |
_aCR _c2021-11-12 _kВК |
||